[Event "Vlissingen HZ op 21st"]
[Site "Vlissingen"]
[Date "2017.08.11"]
[Round "8"]
[White "Colijn, Erik Jan"]
[Black "Keetman, Maaike"]
[Result "1/2-1/2"]
[WhiteElo "1993"]
[BlackElo "2243"]
[PlyCount "87"]
[EventDate "2017.08.05"]
[EventType "swiss"]
[EventRounds "9"]
[EventCountry "NED"]
[SourceTitle "CBM 179 Extra"]
[Source "ChessBase"]
[SourceDate "2017.08.23"]
[SourceVersion "1"]
[SourceVersionDate "2017.08.23"]
[SourceQuality "1"]

1. e4 c5 2. Nf3 e6 3. d4 cxd4 4. Nxd4 Nc6 5. Nc3 Qc7 6. Be3 a6 7. Qf3 Bd6 8. 0-0-0 Be5 9. Kb1 Nge7 10. Be2 b5 11. Qg4 b4 12. Na4 d5 13. Nxc6 Qxc6 14. Nb6 Rb8 15. f4 Bxb2 16. Kxb2 Qc3+ 17. Kb1 Qxe3 18. Nxc8 Rxc8 19. Bxa6 Rc5 20. exd5 Nxd5 21. Rd3 Qf2 22. Qxg7 Qxc2+ 23. Ka1 Rf8 24. Qb2 Qxb2+ 25. Kxb2 Nxf4 26. Rd4 Nd5 27. Bb7 Ke7 28. Bxd5 Rxd5 29. Rxd5 exd5 30. Kb3 Rg8 31. Re1+ Kd6 32. Re2 Rg4 33. Rf2 Ke6 34. Re2+ Kf5 35. Re7 Rxg2 36. Rxf7+ Kg6 37. Rb7 Rxh2 38. Rxb4 Kf5 39. a4 Rh3+ 40. Kb2 Rh6 41. Kc3 Ra6 42. Rh4 Ra7 43. Rd4 Ke5 44. Rh4 1/2-1/2

[Event "Vlissingen HZ op 15th"]
[Site "Vlissingen"]
[Date "2011.08.01"]
[Round "4"]
[White "Colijn, Erik Jan"]
[Black "Duchene, Rene"]
[Result "0-1"]
[WhiteElo "1961"]
[BlackElo "2206"]
[PlyCount "54"]
[EventDate "2011.07.30"]
[EventType "swiss"]
[EventRounds "9"]
[EventCountry "NED"]
[SourceTitle "CBM 143 Extra"]
[Source "ChessBase"]
[SourceDate "2011.08.29"]
[SourceVersion "1"]
[SourceVersionDate "2011.08.29"]
[SourceQuality "1"]

1. e4 e6 2. d4 d5 3. exd5 exd5 4. Bd3 c5 5. c3 Nc6 6. Nf3 Nf6 7. 0-0 cxd4 8. cxd4 Be7 9. Bg5 0-0 10. h3 h6 11. Be3 Nb4 12. Be2 Bf5 13. Nc3 Nc2 14. Rc1 Nxe3 15. fxe3 Ne4 16. Nxe4 Bxe4 17. Qb3 Bd6 18. Nd2 Qg5 19. Nxe4 dxe4 20. Bg4 Rae8 21. Rf5 Qh4 22. Bh5 Re7 23. Rcf1 Qg3 24. Rxf7 Qh2+ 25. Kf2 Rfxf7+ 26. Ke1 Qg3+ 27. Kd1 g6 0-1

[Event "NED-ch U21"]
[Site "Haarlem"]
[Date "2011.05.05"]
[Round "6"]
[White "Colijn, Erik Jan"]
[Black "Manoch, Maurice"]
[Result "1/2-1/2"]
[WhiteElo "1982"]
[BlackElo "1769"]
[PlyCount "62"]
[EventDate "2011.04.30"]
[EventType "swiss"]
[EventRounds "9"]
[EventCountry "NED"]
[SourceTitle "CBM 142 Extra"]
[Source "ChessBase"]
[SourceDate "2011.06.27"]
[SourceVersion "1"]
[SourceVersionDate "2011.06.27"]
[SourceQuality "1"]

1. e4 Nf6 2. e5 Nd5 3. c4 Nb6 4. d4 d6 5. exd6 cxd6 6. Nc3 g6 7. Bd3 Bg7 8. Nge2 Nc6 9. Be3 0-0 10. a3 e5 11. d5 Ne7 12. 0-0 f5 13. f3 f4 14. Bf2 Bf5 15. Ne4 Bxe4 16. fxe4 g5 17. b4 Rf6 18. c5 Nd7 19. Rc1 Rh6 20. Nc3 Nf6 21. cxd6 Nc8 22. Nb5 Nxd6 23. Nc7 Rc8 24. Ne6 Qe8 25. Rxc8 Nxc8 26. Qc2 g4 27. Bb5 Qxb5 28. Qxc8+ Qe8 29. Rc1 Bf8 30. Rc7 g3 31. hxg3 Rh1+ 1/2-1/2

[Event "NBSB-chB"]
[Site "Roosendaal"]
[Date "2009.08.30"]
[Round "5"]
[White "Leentjens, Gilbert"]
[Black "Colijn, Erik Jan"]
[Result "1/2-1/2"]
[WhiteElo "1832"]
[BlackElo "1850"]
[PlyCount "53"]
[EventDate "2009.08.28"]
[EventType "swiss (rapid)"]
[EventRounds "6"]
[EventCountry "NED"]
[SourceTitle "CBM 132 Extra"]
[Source "ChessBase"]
[SourceDate "2009.11.03"]
[SourceVersion "1"]
[SourceVersionDate "2009.11.03"]
[SourceQuality "1"]

1. e4 c5 2. Nc3 e6 3. g3 d5 4. exd5 exd5 5. Bg2 Nf6 6. Nge2 Be7 7. 0-0 0-0 8. d4 c4 9. Nf4 Be6 10. Re1 Bb4 11. Nxe6 fxe6 12. Rxe6 Bxc3 13. bxc3 Qa5 14. Bd2 Nc6 15. h3 Rae8 16. Re3 Qa4 17. Qb1 b6 18. Qb2 Rxe3 19. Bxe3 Ne7 20. Bf4 Qd7 21. Re1 Ng6 22. Be3 Qf5 23. Qc1 h5 24. Qd1 Re8 25. Bd2 Rf8 26. Be3 Re8 27. Bd2 1/2-1/2

[Event "NBSB-chB"]
[Site "Roosendaal"]
[Date "2009.08.29"]
[Round "4"]
[White "Colijn, Erik Jan"]
[Black "Obels, Pepijn"]
[Result "1/2-1/2"]
[WhiteElo "1850"]
[BlackElo "1863"]
[PlyCount "31"]
[EventDate "2009.08.28"]
[EventType "swiss (rapid)"]
[EventRounds "6"]
[EventCountry "NED"]
[SourceTitle "CBM 132 Extra"]
[Source "ChessBase"]
[SourceDate "2009.11.03"]
[SourceVersion "1"]
[SourceVersionDate "2009.11.03"]
[SourceQuality "1"]

1. e4 c5 2. c3 Nf6 3. e5 Nd5 4. d4 cxd4 5. cxd4 e6 6. Nc3 Nc6 7. Nf3 d6 8. Nxd5 exd5 9. Be2 dxe5 10. dxe5 Be7 11. 0-0 0-0 12. Bf4 f6 13. Bg3 fxe5 14. Nxe5 Bf6 15. f4 Be6 16. Bg4 1/2-1/2

[Event "NED-ch U17 playoff"]
[Site "Venlo"]
[Date "2008.05.04"]
[Round "3"]
[White "Kamali, Mehran"]
[Black "Colijn, Erik Jan"]
[Result "1-0"]
[WhiteElo "2097"]
[BlackElo "1846"]
[PlyCount "67"]
[EventDate "2008.05.04"]
[EventType "match (rapid)"]
[EventRounds "3"]
[EventCountry "NED"]
[SourceTitle "CBM 124 Extra"]
[Source "ChessBase"]
[SourceDate "2008.07.03"]
[SourceVersion "1"]
[SourceVersionDate "2008.07.03"]
[SourceQuality "1"]

1. e4 d6 2. d4 g6 3. Nc3 Nf6 4. g3 Bg7 5. Bg2 Nbd7 6. Nge2 c6 7. a4 0-0 8. 0-0 e5 9. h3 Re8 10. Be3 Qc7 11. Qd2 b6 12. g4 Bb7 13. f4 exd4 14. Bxd4 a6 15. Ng3 c5 16. Bf2 Re7 17. Rae1 Bc6 18. b3 b5 19. axb5 axb5 20. Nd5 Bxd5 21. exd5 Rae8 22. g5 Nh5 23. Nxh5 gxh5 24. f5 f6 25. Bf3 Qd8 26. Bxh5 Rxe1 27. Rxe1 Re7 28. Re6 Qf8 29. Bh4 fxg5 30. Qxg5 Rxe6 31. dxe6 Nf6 32. Bf7+ Kh8 33. Qxf6 h6 34. e7 1-0

[Event "NED-ch U17"]
[Site "Venlo"]
[Date "2008.05.01"]
[Round "7"]
[White "Van Kampen, Robin"]
[Black "Colijn, Erik Jan"]
[Result "1-0"]
[WhiteElo "2475"]
[BlackElo "1846"]
[PlyCount "55"]
[EventDate "2008.04.25"]
[EventType "swiss"]
[EventRounds "9"]
[EventCountry "NED"]
[SourceTitle "CBM 123 Extra"]
[Source "ChessBase"]
[SourceDate "2008.05.06"]
[SourceVersion "1"]
[SourceVersionDate "2008.05.06"]
[SourceQuality "1"]

1. e4 c5 2. Nf3 Nc6 3. Nc3 d6 4. d4 cxd4 5. Nxd4 e5 6. Nf3 Nf6 7. Bc4 Bg4 8. h3 Bh5 9. 0-0 Be7 10. Bg5 0-0 11. g4 Bg6 12. Bxf6 Bxf6 13. Qe2 Rc8 14. Nd5 h5 15. c3 Bg5 16. Kg2 Ne7 17. Rad1 Nxd5 18. Bxd5 hxg4 19. hxg4 Bf4 20. Rh1 Bh7 21. Rh3 g5 22. Nd2 Bxd2 23. Qxd2 Rc7 24. Qe3 b6 25. Rdh1 Bg6 26. Rh8+ Kg7 27. Rxf8 Qxf8 28. Qxg5 1-0

[Event "NED-ch U17"]
[Site "Venlo"]
[Date "2008.04.30"]
[Round "6"]
[White "Colijn, Erik Jan"]
[Black "Kamali, Mehran"]
[Result "0-1"]
[WhiteElo "1846"]
[BlackElo "2097"]
[PlyCount "82"]
[EventDate "2008.04.25"]
[EventType "swiss"]
[EventRounds "9"]
[EventCountry "NED"]
[SourceTitle "CBM 123 Extra"]
[Source "ChessBase"]
[SourceDate "2008.05.06"]
[SourceVersion "1"]
[SourceVersionDate "2008.05.06"]
[SourceQuality "1"]

1. e4 c5 2. c3 d5 3. exd5 Qxd5 4. d4 Nf6 5. Nf3 Bg4 6. Be2 e6 7. Be3 cxd4 8. cxd4 Nc6 9. Nc3 Bb4 10. 0-0 Qa5 11. Qb3 0-0 12. a3 Bxc3 13. bxc3 b6 14. h3 Bh5 15. g4 Bg6 16. Bb5 Be4 17. Nd2 Bc2 18. Qb2 Ba4 19. c4 Bxb5 20. cxb5 Ne7 21. a4 Nfd5 22. Rfc1 Qb4 23. Qxb4 Nxb4 24. Rc4 Nbd5 25. Rac1 Rfc8 26. Nf3 f6 27. Kf1 Rxc4 28. Rxc4 Rc8 29. Nd2 Nc3 30. Ke1 Rxc4 31. Nxc4 Nxa4 32. Bf4 Nc3 33. Na3 Kf7 34. Kd2 Ncd5 35. Bb8 Nc8 36. Nc4 Ke7 37. Ne3 Kd7 38. Nxd5 exd5 39. Ke3 Nd6 40. Bxd6 Kxd6 41. Kf4 a5 0-1

[Event "NED-ch U17"]
[Site "Venlo"]
[Date "2008.04.26"]
[Round "2"]
[White "Colijn, Erik Jan"]
[Black "Meurs, Tom WA"]
[Result "1-0"]
[WhiteElo "1846"]
[BlackElo "2116"]
[PlyCount "76"]
[EventDate "2008.04.25"]
[EventType "swiss"]
[EventRounds "9"]
[EventCountry "NED"]
[SourceTitle "CBM 123 Extra"]
[Source "ChessBase"]
[SourceDate "2008.05.06"]
[SourceVersion "1"]
[SourceVersionDate "2008.05.06"]
[SourceQuality "1"]

1. e4 e5 2. Nf3 Nc6 3. d4 exd4 4. Bc4 Nf6 5. e5 d5 6. Bb5 Ne4 7. Nxd4 Bd7 8. Nxc6 bxc6 9. Bd3 Bc5 10. Bxe4 Qh4 11. 0-0 Qxe4 12. Nc3 Qg6 13. Na4 Bb6 14. Nxb6 axb6 15. f4 0-0 16. c3 f6 17. exf6 Rxf6 18. Be3 Qf7 19. Qd2 c5 20. b4 cxb4 21. cxb4 Bf5 22. Bd4 Rg6 23. a4 Be4 24. Rf2 Rc6 25. Qb2 Rc4 26. a5 bxa5 27. Rxa5 Rb8 28. Bc5 d4 29. h3 d3 30. Qd2 Rd8 31. Qd1 h6 32. Ra1 Qd5 33. Be3 Rxb4 34. Kh2 Kh7 35. Qg4 Rdb8 36. f5 Qe5+ 37. Rf4 Bd5 38. Qg6+ Kh8 1-0

[Event "NED-ch U17"]
[Site "Venlo"]
[Date "2008.04.25"]
[Round "1"]
[White "Klein, David"]
[Black "Colijn, Erik Jan"]
[Result "1-0"]
[WhiteElo "2044"]
[BlackElo "1846"]
[PlyCount "147"]
[EventDate "2008.04.25"]
[EventType "swiss"]
[EventRounds "9"]
[EventCountry "NED"]
[SourceTitle "CBM 123 Extra"]
[Source "ChessBase"]
[SourceDate "2008.05.06"]
[SourceVersion "1"]
[SourceVersionDate "2008.05.06"]
[SourceQuality "1"]

1. e4 c5 2. Nf3 Nc6 3. d4 cxd4 4. Nxd4 e5 5. Nb5 d6 6. N1c3 a6 7. Na3 b5 8. Nd5 Nce7 9. c4 Nxd5 10. cxd5 f5 11. exf5 Bxf5 12. Bd3 Bxd3 13. Qxd3 Nf6 14. 0-0 Be7 15. Nc2 0-0 16. Nb4 Nd7 17. Nc6 Qe8 18. Be3 Bf6 19. Qe4 Nb8 20. Rfc1 Nxc6 21. Rxc6 Qd7 22. Qb4 Be7 23. Qa5 Bd8 24. Qa3 Rf6 25. Rxa6 Rc8 26. Ra8 h6 27. Rxc8 Qxc8 28. Rc1 Qf5 29. Qa8 Rf8 30. Qc8 Qf7 31. Qe6 Be7 32. Rc7 Re8 33. Qxf7+ Kxf7 34. Bd2 Rb8 35. Bb4 Rb6 36. Kf1 Ke8 37. Ke2 Kd8 38. Ra7 Rb8 39. Kd3 Rc8 40. Ba5+ Ke8 41. Bc3 Rc5 42. Ke4 Rc4+ 43. Ke3 Rc5 44. Ra5 Bg5+ 45. Ke2 Bd8 46. Ra8 Ke7 47. Ra7+ Kf6 48. Rd7 Be7 49. Ra7 Rxd5 50. b4 Ke6 51. f3 Bf6 52. Ra3 Kf5 53. g4+ Kg5 54. Rb3 Kh4 55. Rb1 Bg5 56. Ra1 Kh3 57. a4 bxa4 58. Rxa4 Rb5 59. Ra5 Rb6 60. Rd5 Bc1 61. b5 Ba3 62. Kd3 Kxh2 63. Ba5 Rb8 64. Kc4 Bc5 65. Rd3 Kg3 66. Rb3 Bb6 67. Be1+ Bf2 68. Bb4 Rd8 69. Kd5 e4 70. fxe4+ Kxg4 71. Bxd6 h5 72. b6 Bxb6 73. Rxb6 h4 74. e5 1-0

[Event "NED-ch U17"]
[Site "Venlo"]
[Date "2007.05.04"]
[Round "7"]
[White "Ten Vergert, Paul"]
[Black "Colijn, Erik Jan"]
[Result "1/2-1/2"]
[WhiteElo "1870"]
[BlackElo "1755"]
[PlyCount "56"]
[EventDate "2007.04.30"]
[EventType "swiss"]
[EventRounds "9"]
[EventCountry "NED"]
[SourceTitle "EXT 2009"]
[Source "ChessBase"]
[SourceDate "2008.11.26"]
[SourceVersion "1"]
[SourceVersionDate "2008.11.26"]
[SourceQuality "1"]

1. e4 c5 2. Nf3 Nc6 3. d4 cxd4 4. Nxd4 Nf6 5. Nc3 e5 6. Ndb5 d6 7. Nd5 Nxd5 8. exd5 Nb8 9. c4 Be7 10. Bd3 0-0 11. 0-0 a6 12. Nc3 f5 13. f3 Nd7 14. Kh1 Bg5 15. b4 b6 16. Qc2 Bxc1 17. Raxc1 Qg5 18. Na4 Bb7 19. Rfd1 Rac8 20. Nc3 Rf6 21. Rg1 Qh5 22. g4 fxg4 23. fxg4 Qh4 24. Rg2 g6 25. Qd2 Rcf8 26. Ne4 Rf4 27. Qe1 Qe7 28. g5 R8f7 1/2-1/2

[Event "NED-ch U17"]
[Site "Venlo"]
[Date "2007.05.02"]
[Round "4"]
[White "Colijn, Erik Jan"]
[Black "Meurs, Tom WA"]
[Result "0-1"]
[WhiteElo "1755"]
[BlackElo "1993"]
[PlyCount "46"]
[EventDate "2007.04.30"]
[EventType "swiss"]
[EventRounds "9"]
[EventCountry "NED"]
[SourceTitle "EXT 2009"]
[Source "ChessBase"]
[SourceDate "2008.11.26"]
[SourceVersion "1"]
[SourceVersionDate "2008.11.26"]
[SourceQuality "1"]

1. e4 e5 2. Nf3 Nc6 3. Bc4 Bc5 4. Nc3 Nf6 5. d3 d6 6. Bg5 h6 7. Bh4 a6 8. Qd2 g5 9. Bg3 Be6 10. Bb3 Qd7 11. 0-0-0 0-0-0 12. Nd5 Bxd5 13. exd5 Ne7 14. c4 Nf5 15. Qc2 g4 16. Ba4 b5 17. cxb5 axb5 18. d4 Nxd4 19. Nxd4 Bxd4 20. Bh4 Nxd5 21. Bxd8 bxa4 22. Qe4 Qc6+ 23. Kb1 Nc3+ 0-1

[Event "NED-ch U17"]
[Site "Venlo"]
[Date "2007.05.01"]
[Round "2"]
[White "Colijn, Erik Jan"]
[Black "Beumer, Sebas"]
[Result "0-1"]
[WhiteElo "1755"]
[BlackElo "1938"]
[PlyCount "54"]
[EventDate "2007.04.30"]
[EventType "swiss"]
[EventRounds "9"]
[EventCountry "NED"]
[SourceTitle "EXT 2009"]
[Source "ChessBase"]
[SourceDate "2008.11.26"]
[SourceVersion "1"]
[SourceVersionDate "2008.11.26"]
[SourceQuality "1"]

1. e4 d5 2. exd5 Qxd5 3. d4 Nf6 4. c4 Qd8 5. Nf3 Bf5 6. Bf4 e6 7. Nc3 c6 8. Bd3 Bg6 9. Bxg6 hxg6 10. Qb3 Qb6 11. Na4 Qb4+ 12. Bd2 Qxb3 13. axb3 Nbd7 14. 0-0 Bd6 15. Rfe1 0-0 16. Rad1 Rfd8 17. Ne5 Rdc8 18. b4 b5 19. Nxd7 Nxd7 20. cxb5 cxb5 21. Nc5 Nb6 22. b3 Nd5 23. Ra1 Bf4 24. Bxf4 Nxf4 25. Ra5 Rd8 26. Re4 Nd5 27. Rxb5 Nc3 0-1